Za Godota prišiel Bohoš

Podrobná bibliografia
Hlavný autor: Maťašík, Andrej, 1953-2017 (Autor)
Médium: Článok
Jazyk:slovenčina
PhysicalDescription:Fot. 1.
Predmet:

MARC

LEADER 00000nab a2200000 a 4500
001 vtls000452146
003 SK-MaSNL
005 20260304234046.0
008 120926c1992 xo 0 slo
015 |a SNBRB19rr/mm-uuuuu 
035 |a CL0452277 
040 |a SNKBUCL  |b slo  |c SNKBUCL  |e AACR2 
041 0 |a slo 
044 |a xo  |c SK 
080 |a 792.2  |2 1981 
100 1 |a Maťašík, Andrej,  |d 1953-2017  |4 aut  |9 102086 
245 1 0 |a Za Godota prišiel Bohoš  |c Andrej Maťašík ; Štefan Korenči, Róbert Mankovecký 
300 |b Fot. 1. 
500 |a (Réžia Štefan Korenči.) 
600 1 7 |a Mankovecký, Róbert,  |d 1965-  |2 snkbucl  |9 108542 
600 1 7 |a Korenči, Štefan,  |d 1963-  |2 snkbucl  |9 124695 
610 2 7 |a Divadlo Slovenského národného povstania  |2 snkbucl  |9 232430 
651 7 |a 5306  |2 snkbucl  |9 893716 
655 7 |a články z novín a časopisov  |2 snkbucl  |9 267496 
773 0 |t Smena  |g Roč. 45, č. 106 (6. 5. 1992), s. 11 
850 |a Slovenská národná knižnica v Martine  |a MTA001 
852 |a SNK  |b KIS3GCP 
958 |a RK 
992 |a RBX 
999 |c 3201849  |d 3203779